000 00828nam a2200265Ia 4500
003 OSt
005 20221005081542.0
006 a|||||r|||| 00| 0
007 ta
008 221004b |||||||| |||| 00| 0 eng d
020 _a9788189131722 (hbk)
_c1295
024 _a14020
037 _b879, 18/08/2014, H.K. Prakashan
_cTextual
040 _aCRL
_cCRL
_beng
041 _2eng
_aeng
082 _aY72:7:7.2, Q3
100 _aRao K Arjun
_9611184
245 0 _aTribal situation in India
_b A comparative perspective
260 _aNew Delhi
_bResearch India Press India
_c2013
300 _axxv, 317p.
_ccm.
650 _aSOCIOLOGY
700 _a Rao Venkateshwar
_9611185
942 _hY72:7:7.2, Q3
_cTEXL
_2cc
999 _c987881
_d987881